Modernization and dalit education: Ambedkar's vision (Record no. 408095)

000 -LEADER
fixed length control field 00482cam a22001577a 4500
008 - FIXED-LENGTH DATA ELEMENTS--GENERAL INFORMATION
fixed length control field 180718b2008 xxu||||| |||| 00| 0 eng d
020 ## - INTERNATIONAL STANDARD BOOK NUMBER
International Standard Book Number 8131601927
082 ## - DEWEY DECIMAL CLASSIFICATION NUMBER
Classification number BA27x54 C35
100 ## - MAIN ENTRY--PERSONAL NAME
Personal name Chalam, K.S.
245 ## - TITLE STATEMENT
Title Modernization and dalit education: Ambedkar's vision
Statement of responsibility, etc. by K.S. Chalam
260 ## - PUBLICATION, DISTRIBUTION, ETC.
Place of publication, distribution, etc. Jaipur
Name of publisher, distributor, etc. Rawat
Date of publication, distribution, etc. 2008
300 ## - PHYSICAL DESCRIPTION
Extent 200p.
650 ## - SUBJECT ADDED ENTRY--TOPICAL TERM
Topical term or geographic name entry element Dalits --Education.
650 ## - SUBJECT ADDED ENTRY--TOPICAL TERM
Topical term or geographic name entry element Education --Social aspects --India
650 ## - SUBJECT ADDED ENTRY--TOPICAL TERM
Topical term or geographic name entry element Ambedkar, B. R. (Bhimrao Ramji), 1891-1956
Holdings
Withdrawn status Lost status Damaged status Not for loan Permanent Location Current Location Date acquired Full call number Barcode Date last seen Price effective from Koha item type
        Indian Institute of Public Administration Indian Institute of Public Administration 2009-01-13 BA27x54 C35 82857 2018-07-21 2018-07-21 Book

Powered by Koha